| 000 | 00762nam a2200241 u 4500 | ||
|---|---|---|---|
| 005 | 20230121063542.0 | ||
| 008 | 080730s2005 r 000 0 eng d | ||
| 020 | _a9681338936(Diana) | ||
| 020 | _a8466208321(Libsa) | ||
| 035 | _aUPN01000158549 | ||
| 049 | _aI | ||
| 050 | 4 |
_aPZ74 _bM3.52 |
|
| 100 | 1 | _aMartínez, Fernando | |
| 245 | 1 | 0 |
_aMagos y dragones / _cFernando Martínez ; il. José Luis Tellería. |
| 260 |
_aMéxico : _bDiana ; _aMadrid : _bLibsa, _cc2005. |
||
| 300 |
_a124 p. : _bprincipalmente il. col. |
||
| 440 | 0 | _aCuentos del castillo | |
| 650 | 4 |
_aCuentos infantiles _96744 |
|
| 650 | 4 |
_aMAGOS - _vLITERATURA JUVENIL _98849 |
|
| 650 | 2 |
_aDragones _vLiteratura juvenil _96754 |
|
| 700 | 1 |
_aTellería, José Luis, _eil. |
|
| 905 | _aInfantil | ||
| 999 |
_c130663 _d130663 |
||